000 00391nam a22001691a 4500
001 6536
003 OSt
005 20260204212055.0
008 060601s19..||||ag ||||||b||||||||||spa||
050 _a972.91 C178c
100 _aCardenal, Ernesto
245 _aEn Cuba / Ernesto Cardenal
264 _aArgentina : Taller
300 _a370 p
650 _a1.Historia - CubaÌ
942 _2ddc
_cBK
999 _c6536
_d6536